[Event "15. Obert Int. Sant Marti 2013"]
[Site "Barcelona ESP"]
[Date "2013.07.15"]
[Round "3.39"]
[White "Thakur, Akash"]
[Black "Velez Alvarez, Laura Camila"]
[Result "1-0"]
[WhiteElo "2234"]
[BlackElo "1774"]
[PlyCount "75"]
[EventDate "2013.07.13"]
[EventType "swiss"]
[EventRounds "9"]
[EventCountry "ESP"]
[SourceTitle "Ajedrez en Madrid"]
[Source "lmi"]
[SourceDate "2013.07.13"]
[SourceVersion "1"]
[SourceVersionDate "2019.06.21"]
[SourceQuality "1"]

1. d4 Nf6 2. Nc3 g6 3. e4 d6 4. Nf3 Bg7 5. Be3 O-O 6. h3 Nbd7 7. Qd2 e5 8.
O-O-O Re8 9. dxe5 Nxe5 10. Nxe5 Rxe5 11. Bd3 Nd7 12. Bd4 Re8 13. Bxg7 Kxg7 14.
h4 Nc5 15. h5 Nxd3+ 16. cxd3 Rh8 17. hxg6 fxg6 18. Qh6+ Kf7 19. Rh4 Be6 20. d4
Kg8 21. Rf4 Qe7 22. e5 d5 23. Rd3 Qg7 24. Qg5 h6 25. Qf6 Qxf6 26. Rxf6 Bf5 27.
Rg3 Rf8 28. Rxf8+ Kxf8 29. Nxd5 c6 30. Ne3 Be6 31. Rxg6 Bxa2 32. Nf5 Rg8 33.
Rf6+ Ke8 34. g3 Kd7 35. Rxh6 Rf8 36. g4 Bd5 37. Rh7+ Ke6 38. Re7# 1-0

[Event "15. Obert Int. Sant Marti 2013"]
[Site "Barcelona ESP"]
[Date "2013.07.15"]
[Round "3.40"]
[White "Munoz Pantoja, Miguel"]
[Black "Jacobsen, Maria Pitz"]
[Result "1-0"]
[WhiteElo "2457"]
[BlackElo "1814"]
[PlyCount "65"]
[EventDate "2013.07.13"]
[EventType "swiss"]
[EventRounds "9"]
[EventCountry "ESP"]
[SourceTitle "Ajedrez en Madrid"]
[Source "lmi"]
[SourceDate "2013.07.13"]
[SourceVersion "1"]
[SourceVersionDate "2019.06.21"]
[SourceQuality "1"]

1. e4 e5 2. Nf3 Nc6 3. Bc4 Nf6 4. Ng5 d5 5. exd5 Na5 6. Bb5+ c6 7. dxc6 bxc6 8.
Be2 h6 9. Nf3 e4 10. Ne5 Bd6 11. d4 exd3 12. Nxd3 Qc7 13. h3 O-O 14. O-O c5 15.
Bf3 Rb8 16. b3 c4 17. Nb2 Ba6 18. Re1 Rbd8 19. Bd2 Bc5 20. Qc1 Rfe8 21. Rxe8+
Rxe8 22. b4 Bd4 23. c3 Bxf2+ 24. Kxf2 Nc6 25. Bf4 Qb6+ 26. Be3 Qc7 27. Nd2 Qe7
28. Bc5 Qd7 29. Ndxc4 Ne5 30. Nxe5 Rxe5 31. Bd4 Ne4+ 32. Kg1 Re8 33. h4 1-0

[Event "15. Obert Int. Sant Marti 2013"]
[Site "Barcelona ESP"]
[Date "2013.07.15"]
[Round "3.41"]
[White "Larsen, Karsten"]
[Black "Saez Coma, Alejandro"]
[Result "1-0"]
[WhiteElo "2270"]
[BlackElo "2025"]
[PlyCount "135"]
[EventDate "2013.07.13"]
[EventType "swiss"]
[EventRounds "9"]
[EventCountry "ESP"]
[SourceTitle "Ajedrez en Madrid"]
[Source "lmi"]
[SourceDate "2013.07.13"]
[SourceVersion "1"]
[SourceVersionDate "2019.06.21"]
[SourceQuality "1"]

1. e4 c5 2. Nf3 g6 3. c3 Bg7 4. Bc4 e6 5. O-O Ne7 6. d4 cxd4 7. Nxd4 O-O 8. Bg5
a6 9. a4 h6 10. Bh4 g5 11. Bg3 d5 12. exd5 Nxd5 13. Re1 Nc6 14. Nxc6 bxc6 15.
Nd2 a5 16. Nb3 Ba6 17. Bxa6 Rxa6 18. Qe2 Rb6 19. Qc4 Qa8 20. Re2 Qa6 21. Qxa6
Rxa6 22. Nc5 Ra7 23. Kf1 Re8 24. Rae1 Rd8 25. Ra1 Bf8 26. Nb3 Bg7 27. f3 Bf8
28. Nd2 Bd6 29. Bxd6 Rxd6 30. Nc4 Rd8 31. g3 Rb8 32. Rd2 Kg7 33. Ke2 Kf6 34.
Kd3 Nb6 35. Nxb6 Rxb6 36. Kc4 Rab7 37. Rb1 Rb3 38. Kd3 h5 39. Kc2 Kf5 40. Rd8
h4 41. Ra8 hxg3 42. hxg3 e5 43. Rxa5 f6 44. Rc5 g4 45. f4 R3b6 46. fxe5 fxe5
47. b4 Ke4 48. Rf1 Rh7 49. Rc4+ Ke3 50. Rxg4 Rh2+ 51. Kb3 Kd3 52. Rd1+ Ke2 53.
Rd6 Kf3 54. Rgg6 e4 55. Rdf6+ Ke2 56. Rxc6 Rb8 57. Rge6 e3 58. Rc7 Rg8 59. a5
Rxg3 60. a6 Rh1 61. a7 Rb1+ 62. Kc4 Ra1 63. Re8 Rg4+ 64. Kb5 Rg5+ 65. Kb6 Rg6+
66. Kb7 Raa6 67. Kb8 Rgb6+ 68. Rb7 1-0

[Event "15. Obert Int. Sant Marti 2013"]
[Site "Barcelona ESP"]
[Date "2013.07.15"]
[Round "3.42"]
[White "Ramirez Medina, Victor"]
[Black "Blandon Villa, Diego F"]
[Result "0-1"]
[WhiteElo "2012"]
[BlackElo "2196"]
[PlyCount "54"]
[EventDate "2013.07.13"]
[EventType "swiss"]
[EventRounds "9"]
[EventCountry "ESP"]
[SourceTitle "Ajedrez en Madrid"]
[Source "lmi"]
[SourceDate "2013.07.13"]
[SourceVersion "1"]
[SourceVersionDate "2019.06.21"]
[SourceQuality "1"]

1. e4 c5 2. Nf3 d6 3. d4 cxd4 4. Nxd4 Nf6 5. Nc3 g6 6. Be3 Bg7 7. f3 O-O 8. Bc4
Nc6 9. Qd2 Bd7 10. Bb3 Rc8 11. h4 h5 12. O-O-O Ne5 13. Bg5 Rc5 14. f4 Nc4 15.
Qd3 Ng4 16. Bxc4 Nf2 17. Qf1 Nxd1 18. Nxd1 Bxd4 19. Qd3 Bg7 20. Ne3 Rxc4 21.
Qxc4 Qb6 22. f5 Qxb2+ 23. Kd2 Rc8 24. Qb3 Qd4+ 25. Qd3 Qb4+ 26. Kc1 Qb2+ 27.
Kd2 Bc3+ 0-1

[Event "15. Obert Int. Sant Marti 2013"]
[Site "Barcelona ESP"]
[Date "2013.07.15"]
[Round "3.43"]
[White "Anguera Maestro, Jaime"]
[Black "Tahay, Alexis"]
[Result "1/2-1/2"]
[WhiteElo "2180"]
[BlackElo "1944"]
[PlyCount "81"]
[EventDate "2013.07.13"]
[EventType "swiss"]
[EventRounds "9"]
[EventCountry "ESP"]
[SourceTitle "Ajedrez en Madrid"]
[Source "lmi"]
[SourceDate "2013.07.13"]
[SourceVersion "1"]
[SourceVersionDate "2019.06.21"]
[SourceQuality "1"]

1. d4 Nf6 2. c4 c5 3. e3 g6 4. Nc3 Bg7 5. g3 O-O 6. Bg2 d6 7. Nge2 a6 8. O-O
Qc7 9. b3 Nc6 10. Bb2 b6 11. h3 Bb7 12. d5 Ne5 13. f4 Ned7 14. e4 Rad8 15. Qc2
e6 16. Rae1 exd5 17. exd5 Rfe8 18. Nc1 Bc8 19. Nd3 Nb8 20. Nf2 Bf5 21. Nce4
Nxe4 22. Bxe4 Bxb2 23. Qxb2 Bc8 24. Bg2 f5 25. g4 Qg7 26. Qd2 Kf7 27. Bf3 h6
28. Kh2 Qf6 29. gxf5 Bxf5 30. Be4 Qh4 31. Re2 Nd7 32. Rfe1 Nf6 33. Bxf5 gxf5
34. Rxe8 Rxe8 35. Rxe8 Nxe8 36. Qe3 Qe7 37. Qd3 Ng7 38. a3 Qh4 39. Qe3 Qe7 40.
Qf3 Qf6 41. Kg3 1/2-1/2

[Event "15. Obert Int. Sant Marti 2013"]
[Site "Barcelona ESP"]
[Date "2013.07.15"]
[Round "3.44"]
[White "Kjolberg, Jens Hjorth"]
[Black "Pellus Ruiz, Josep"]
[Result "1/2-1/2"]
[WhiteElo "1999"]
[BlackElo "2171"]
[PlyCount "74"]
[EventDate "2013.07.13"]
[EventType "swiss"]
[EventRounds "9"]
[EventCountry "ESP"]
[SourceTitle "Ajedrez en Madrid"]
[Source "lmi"]
[SourceDate "2013.07.13"]
[SourceVersion "1"]
[SourceVersionDate "2019.06.21"]
[SourceQuality "1"]

1. e4 d6 2. d4 Nf6 3. Nc3 g6 4. Nf3 Bg7 5. Be2 O-O 6. O-O Nc6 7. d5 Nb8 8. Re1
e5 9. dxe6 Bxe6 10. Nd4 Bd7 11. Bg5 h6 12. Bh4 Nc6 13. Nb3 g5 14. Bg3 Re8 15.
Bf1 Ne5 16. Qd2 Ng6 17. Nd4 Nh5 18. Rad1 Nhf4 19. Nf5 Qf6 20. Nxg7 Qxg7 21. f3
Rad8 22. Bf2 Ne5 23. Kh1 Kh7 24. Nd5 Nxd5 25. Qxd5 Bc6 26. Qa5 Qf6 27. Bg3 Qe7
28. a3 a6 29. Qc3 Bb5 30. Bxb5 axb5 31. Bxe5 dxe5 32. Qb3 c6 33. c3 Kg7 34.
Rxd8 Rxd8 35. Rd1 Rd6 36. Qc2 Qd7 37. Rxd6 Qxd6 1/2-1/2

[Event "15. Obert Int. Sant Marti 2013"]
[Site "Barcelona ESP"]
[Date "2013.07.15"]
[Round "3.46"]
[White "Ridameya Tatche, Jose Miguel"]
[Black "Christiansen, Johan-Sebastian"]
[Result "1/2-1/2"]
[WhiteElo "1991"]
[BlackElo "2155"]
[PlyCount "80"]
[EventDate "2013.07.13"]
[EventType "swiss"]
[EventRounds "9"]
[EventCountry "ESP"]
[SourceTitle "Ajedrez en Madrid"]
[Source "lmi"]
[SourceDate "2013.07.13"]
[SourceVersion "1"]
[SourceVersionDate "2019.06.21"]
[SourceQuality "1"]

1. e4 c5 2. Nf3 d6 3. d4 cxd4 4. Nxd4 Nf6 5. f3 e5 6. Bb5+ Bd7 7. Bxd7+ Nbxd7
8. Nf5 Nb6 9. c4 Nxc4 10. Nc3 g6 11. Bg5 Nb6 12. Ne3 Be7 13. Bh6 Nh5 14. Ned5
Bf8 15. Be3 Nxd5 16. Nxd5 Be7 17. Bh6 Nf6 18. Qa4+ Nd7 19. Rc1 Rc8 20. O-O g5
21. Nxe7 Qb6+ 22. Kh1 Rxc1 23. Rxc1 Qe3 24. Qd1 Kxe7 25. h4 f6 26. Rc3 Qf4 27.
g4 Qg3 28. h5 Qh3+ 29. Kg1 Qg3+ 30. Kf1 Nc5 31. Qe2 Ra8 32. Qb5 Qh3+ 33. Kg1
Qg3+ 34. Kf1 Rd8 35. b4 Qh3+ 36. Kg1 Qg3+ 37. Kf1 Nd7 38. Rd3 Qh3+ 39. Kg1 Qg3+
40. Kf1 Qh3+ 1/2-1/2

[Event "15. Obert Int. Sant Marti 2013"]
[Site "Barcelona ESP"]
[Date "2013.07.15"]
[Round "3.47"]
[White "Lopez Perdomo, Juan David"]
[Black "Zapata Arbelaez, Estiven"]
[Result "0-1"]
[WhiteElo "2100"]
[BlackElo "2001"]
[PlyCount "120"]
[EventDate "2013.07.13"]
[EventType "swiss"]
[EventRounds "9"]
[EventCountry "ESP"]
[SourceTitle "Ajedrez en Madrid"]
[Source "lmi"]
[SourceDate "2013.07.13"]
[SourceVersion "1"]
[SourceVersionDate "2019.06.21"]
[SourceQuality "1"]

1. e4 e5 2. Nf3 Nc6 3. Bb5 a6 4. Ba4 Nf6 5. O-O Be7 6. Re1 b5 7. Bb3 d6 8. c3
O-O 9. h3 Na5 10. Bc2 c5 11. d3 Nc6 12. Nbd2 Qc7 13. Nf1 d5 14. exd5 Nxd5 15.
Qe2 Bd6 16. Ng3 Nde7 17. Ng5 h6 18. N5e4 f5 19. Bb3+ Kh8 20. Ng5 c4 21. dxc4
Na5 22. Qh5 Kg8 23. c5+ Nxb3 24. cxd6 Qxd6 25. axb3 hxg5 26. Bxg5 Ng6 27. Qd1
Qc6 28. f3 e4 29. fxe4 f4 30. Nf5 Bxf5 31. exf5 Rxf5 32. h4 f3 33. Re3 Raf8 34.
gxf3 Rxf3 35. Qd4 Rxe3 36. Qxe3 Rf3 37. Rxa6 Qb7 38. Qe6+ Kh8 39. Qe8+ Nf8 40.
Qc6 Qf7 41. Kg2 Rf2+ 42. Kg3 Rxb2 43. Qf3 Qc7+ 44. Bf4 Qc5 45. Be3 Qc7+ 46. Qf4
Qe7 47. Ra8 Kg8 48. Ra7 Qe8 49. h5 Qxh5 50. Bf2 Qg6+ 51. Kh3 Qh5+ 52. Kg3 Qg6+
53. Kh3 Qe6+ 54. Kg3 Ng6 55. Ra8+ Kh7 56. Qb8 Rxb3 57. Bd4 Rb2 58. Qe8 Qd6+ 59.
Be5 Qxe5+ 60. Qxe5 Nxe5 0-1

[Event "15. Obert Int. Sant Marti 2013"]
[Site "Barcelona ESP"]
[Date "2013.07.15"]
[Round "3.48"]
[White "Haug, Johannes"]
[Black "Lien, Kjell Hakon"]
[Result "1/2-1/2"]
[WhiteElo "2042"]
[BlackElo "1910"]
[PlyCount "89"]
[EventDate "2013.07.13"]
[EventType "swiss"]
[EventRounds "9"]
[EventCountry "ESP"]
[SourceTitle "Ajedrez en Madrid"]
[Source "lmi"]
[SourceDate "2013.07.13"]
[SourceVersion "1"]
[SourceVersionDate "2019.06.21"]
[SourceQuality "1"]

1. c4 e6 2. Nc3 d5 3. d4 Nf6 4. Bf4 c6 5. cxd5 exd5 6. e3 Bf5 7. Nf3 Ne4 8. Be2
Qb6 9. Qc1 Bb4 10. O-O Bxc3 11. bxc3 Qa5 12. c4 Nc3 13. Qd2 Nxe2+ 14. Qxe2 Qa6
15. Rfc1 dxc4 16. Qxc4 Qxc4 17. Rxc4 Nd7 18. Bd6 O-O-O 19. Bg3 Nb6 20. Rc5 Bg6
21. Ra5 a6 22. Ne5 Rd5 23. Nxg6 hxg6 24. Rxd5 Nxd5 25. Rc1 Kd7 26. e4 Nf6 27.
f3 Rc8 28. Kf1 Nh5 29. Bf2 Nf4 30. Be3 Ne6 31. Ke2 Nc7 32. Kd3 Rh8 33. h3 Rh5
34. Rc5 b6 35. Rxh5 gxh5 36. f4 Ne8 37. g4 hxg4 38. hxg4 g6 39. e5 Ke6 40. Ke4
Nc7 41. f5+ gxf5+ 42. gxf5+ Kd7 43. Bg5 Nd5 44. Bd2 Nc7 45. a4 1/2-1/2

[Event "15. Obert Int. Sant Marti 2013"]
[Site "Barcelona ESP"]
[Date "2013.07.15"]
[Round "3.49"]
[White "Julian Barrachina, Lluis"]
[Black "Manelidou, Maria"]
[Result "0-1"]
[WhiteElo "2163"]
[BlackElo "2030"]
[PlyCount "50"]
[EventDate "2013.07.13"]
[EventType "swiss"]
[EventRounds "9"]
[EventCountry "ESP"]
[SourceTitle "Ajedrez en Madrid"]
[Source "lmi"]
[SourceDate "2013.07.13"]
[SourceVersion "1"]
[SourceVersionDate "2019.06.21"]
[SourceQuality "1"]

1. e4 e5 2. Nf3 Nc6 3. Bc4 Bc5 4. c3 Nf6 5. b4 Bb6 6. d3 O-O 7. Bg5 d6 8. O-O
h6 9. Bh4 Qe7 10. Nbd2 Be6 11. Bb3 Bxb3 12. axb3 Qe6 13. b5 Ne7 14. Nc4 Ng6 15.
Nxb6 axb6 16. Qc2 Nh5 17. Bg3 f5 18. exf5 Qxf5 19. Qd2 Nhf4 20. d4 Rxa1 21.
Rxa1 Nxg2 22. Kxg2 Qxf3+ 23. Kg1 Nf4 24. Bxf4 Rxf4 25. Ra8+ Kf7 0-1

[Event "15. Obert Int. Sant Marti 2013"]
[Site "Barcelona ESP"]
[Date "2013.07.15"]
[Round "3.50"]
[White "Vatkali, Dimitra"]
[Black "Meza Martinez, Alcides Ivan"]
[Result "1/2-1/2"]
[WhiteElo "1964"]
[BlackElo "2136"]
[PlyCount "106"]
[EventDate "2013.07.13"]
[EventType "swiss"]
[EventRounds "9"]
[EventCountry "ESP"]
[SourceTitle "Ajedrez en Madrid"]
[Source "lmi"]
[SourceDate "2013.07.13"]
[SourceVersion "1"]
[SourceVersionDate "2019.06.21"]
[SourceQuality "1"]

1. e4 e6 2. d4 d5 3. Nc3 Bb4 4. e5 c5 5. Bd2 cxd4 6. Nb5 Bc5 7. Qg4 Kf8 8. b4
Be7 9. Nxd4 h5 10. Qf4 Nc6 11. b5 Nxd4 12. Qxd4 Qc7 13. Bd3 Nh6 14. Nf3 Nf5 15.
Bxf5 exf5 16. O-O Be6 17. Bb4 Qc4 18. Bxe7+ Kxe7 19. Qe3 Rh6 20. Qa3+ Ke8 21.
Rfd1 Rg6 22. Rd4 Qxb5 23. Rb4 Qc5 24. Qa4+ Bd7 25. Qb3 b6 26. Rd1 Be6 27. Nd4
Rg4 28. f3 Rg6 29. Kh1 Kf8 30. Rb5 Qc7 31. f4 Rg4 32. Qe3 Rc8 33. Rb3 Qc4 34.
h3 Rg6 35. Qf3 Rh6 36. Kh2 Qa4 37. Ra3 Qd7 38. Ra6 Rc7 39. Qd3 Rg6 40. Nb5 Rc4
41. Nd4 Kg8 42. Qa3 Rc7 43. Rd3 h4 44. Qb4 Qc8 45. Raa3 Rc4 46. Qd2 a6 47. c3
b5 48. Qf2 Rh6 49. Qb2 Rg6 50. Qf2 Rh6 51. Qb2 Rg6 52. Qf2 Rh6 53. Qb2 Rg6
1/2-1/2

[Event "15. Obert Int. Sant Marti 2013"]
[Site "Barcelona ESP"]
[Date "2013.07.15"]
[Round "3.51"]
[White "Hernandez, Zaida"]
[Black "Posada, Juan Manuel"]
[Result "1-0"]
[WhiteElo "1998"]
[BlackElo "2101"]
[PlyCount "103"]
[EventDate "2013.07.13"]
[EventType "swiss"]
[EventRounds "9"]
[EventCountry "ESP"]
[SourceTitle "Ajedrez en Madrid"]
[Source "lmi"]
[SourceDate "2013.07.13"]
[SourceVersion "1"]
[SourceVersionDate "2019.06.21"]
[SourceQuality "1"]

1. e4 c5 2. Nf3 Nc6 3. d4 cxd4 4. Nxd4 e5 5. Nb5 a6 6. Nd6+ Bxd6 7. Qxd6 Qf6 8.
Qxf6 Nxf6 9. Nc3 d5 10. Nxd5 Nxd5 11. exd5 Nb4 12. Bd3 Nxd3+ 13. cxd3 Bf5 14.
Be3 Bxd3 15. Rd1 e4 16. Rc1 Kd7 17. Bf4 Rac8 18. Kd2 f6 19. h4 Bc4 20. d6 Bxa2
21. Rc7+ Rxc7 22. dxc7 Bd5 23. Ke3 g5 24. hxg5 fxg5 25. Be5 Re8 26. Rxh7+ Ke6
27. Bg3 Rg8 28. Rg7 Re8 29. Rxg5 Rc8 30. Rg6+ Ke7 31. Bh4+ Kd7 32. Rg7+ Ke6 33.
Bg3 Bc6 34. Rg6+ Ke7 35. Rg7+ Ke6 36. Bf4 a5 37. g4 a4 38. Rh7 Kf6 39. g5+ Kg6
40. Rh6+ Kf7 41. Rf6+ Ke7 42. Bd6+ Kd7 43. g6 Bd5 44. g7 b5 45. Bg3 Bg8 46. Rb6
Bc4 47. Kxe4 Rg8 48. Be5 Re8 49. f4 Rg8 50. f5 Re8 51. f6 Rc8 52. Rb8 1-0

[Event "15. Obert Int. Sant Marti 2013"]
[Site "Barcelona ESP"]
[Date "2013.07.15"]
[Round "3.52"]
[White "Maltsev, Leonid"]
[Black "Barcelo Sola, David"]
[Result "1/2-1/2"]
[WhiteElo "1985"]
[BlackElo "2075"]
[PlyCount "114"]
[EventDate "2013.07.13"]
[EventType "swiss"]
[EventRounds "9"]
[EventCountry "ESP"]
[SourceTitle "Ajedrez en Madrid"]
[Source "lmi"]
[SourceDate "2013.07.13"]
[SourceVersion "1"]
[SourceVersionDate "2019.06.21"]
[SourceQuality "1"]

1. e4 c5 2. c3 d5 3. exd5 Qxd5 4. d4 e5 5. Be3 cxd4 6. cxd4 Nc6 7. Nc3 Bb4 8.
Nf3 Bg4 9. Be2 exd4 10. O-O Bxc3 11. bxc3 d3 12. Qxd3 Qxd3 13. Bxd3 Bxf3 14.
gxf3 Nge7 15. Rab1 O-O-O 16. Bc4 Ne5 17. Be2 Kb8 18. f4 N5c6 19. Bf3 Rd3 20.
Rfc1 Rhd8 21. Rd1 Rxd1+ 22. Rxd1 Rxd1+ 23. Bxd1 Kc7 24. Bb3 f6 25. Kf1 Kd6 26.
Ke2 Nd5 27. Bd2 Kc5 28. Be3+ Kd6 29. Kd3 a6 30. Bd2 Na5 31. c4 Nxb3 32. axb3
Nc7 33. Bb4+ Ke6 34. Ke4 f5+ 35. Kd4 b6 36. Bf8 g6 37. b4 a5 38. bxa5 bxa5 39.
Ba3 Na6 40. c5 Kd7 41. Kd5 Nc7+ 42. Ke5 Kc6 43. Kf6 Nd5+ 44. Kg5 a4 45. h4 Nc3
46. Kh6 Ne2 47. Kxh7 Nxf4 48. Kh6 Ng2 49. Kxg6 Nxh4+ 50. Kg5 Nf3+ 51. Kxf5 Nd4+
52. Ke4 Nc2 53. Bb2 a3 54. Bxa3 Nxa3 55. f4 Kxc5 56. Ke5 Nc4+ 57. Ke6 Nd6
1/2-1/2

[Event "15. Obert Int. Sant Marti 2013"]
[Site "Barcelona ESP"]
[Date "2013.07.15"]
[Round "3.53"]
[White "Barba Rios, Enric"]
[Black "Fernandez Aguilar, Francisco"]
[Result "1/2-1/2"]
[WhiteElo "1956"]
[BlackElo "2040"]
[PlyCount "48"]
[EventDate "2013.07.13"]
[EventType "swiss"]
[EventRounds "9"]
[EventCountry "ESP"]
[SourceTitle "Ajedrez en Madrid"]
[Source "lmi"]
[SourceDate "2013.07.13"]
[SourceVersion "1"]
[SourceVersionDate "2019.06.21"]
[SourceQuality "1"]

1. e4 e5 2. Nf3 Nc6 3. d4 exd4 4. Nxd4 Nf6 5. Nc3 Bb4 6. Nxc6 bxc6 7. Bd3 d5 8.
exd5 cxd5 9. O-O O-O 10. Bg5 c6 11. Qf3 Bd6 12. Rfe1 Rb8 13. Rab1 h6 14. Bxf6
Qxf6 15. Qxf6 gxf6 16. a3 Bd7 17. b4 Rfe8 18. Rxe8+ Rxe8 19. Kf1 Bxh2 20. b5
Be5 21. bxc6 Bxc6 22. Ne2 Rb8 23. Rxb8+ Bxb8 24. Nd4 Bd7 1/2-1/2

[Event "15. Obert Int. Sant Marti 2013"]
[Site "Barcelona ESP"]
[Date "2013.07.15"]
[Round "3.54"]
[White "Montell Zabay, Alberto"]
[Black "Harstad, Christian"]
[Result "1-0"]
[WhiteElo "2026"]
[BlackElo "1942"]
[PlyCount "63"]
[EventDate "2013.07.13"]
[EventType "swiss"]
[EventRounds "9"]
[EventCountry "ESP"]
[SourceTitle "Ajedrez en Madrid"]
[Source "lmi"]
[SourceDate "2013.07.13"]
[SourceVersion "1"]
[SourceVersionDate "2019.06.21"]
[SourceQuality "1"]

1. e4 e5 2. Nf3 Nc6 3. Bb5 a6 4. Ba4 Nf6 5. Qe2 b5 6. Bb3 Be7 7. a4 b4 8. a5
O-O 9. O-O d6 10. c3 Bb7 11. d3 h6 12. h3 Bc8 13. d4 bxc3 14. bxc3 exd4 15.
Nxd4 Nb8 16. Bf4 c5 17. Nf3 Nc6 18. e5 dxe5 19. Rd1 Bd7 20. Nxe5 Nxe5 21. Bxe5
Qc8 22. Nd2 Re8 23. Nc4 Bb5 24. Qc2 Qc6 25. Qf5 Qe4 26. Qxe4 Nxe4 27. Nb6 Rad8
28. Bd5 Bd6 29. Bxd6 Nxd6 30. c4 Bd7 31. Nxd7 Rxd7 32. Bc6 1-0

[Event "15. Obert Int. Sant Marti 2013"]
[Site "Barcelona ESP"]
[Date "2013.07.15"]
[Round "3.55"]
[White "Frank-Nielsen, Marie"]
[Black "Calderon Alzate, Ivan Alejandro"]
[Result "1-0"]
[WhiteElo "2016"]
[BlackElo "1882"]
[PlyCount "87"]
[EventDate "2013.07.13"]
[EventType "swiss"]
[EventRounds "9"]
[EventCountry "ESP"]
[SourceTitle "Ajedrez en Madrid"]
[Source "lmi"]
[SourceDate "2013.07.13"]
[SourceVersion "1"]
[SourceVersionDate "2019.06.21"]
[SourceQuality "1"]

1. e4 c5 2. c3 Nf6 3. e5 Nd5 4. d4 cxd4 5. Nf3 Nc6 6. cxd4 d6 7. Bc4 e6 8. O-O
Be7 9. a3 O-O 10. Re1 Bd7 11. Nc3 dxe5 12. dxe5 Nxc3 13. bxc3 Qc7 14. Bd3 Bc5
15. Qe2 Ne7 16. Ng5 h6 17. Nf3 Bc6 18. Nd4 Bd5 19. Bd2 f5 20. Kh1 Rad8 21. f3
a6 22. a4 Rd7 23. Rac1 Qb6 24. Rb1 Qc7 25. Rbc1 Nc6 26. Bf4 Qb6 27. Nc2 Ne7 28.
Rb1 Qa5 29. Nb4 Bxb4 30. Rxb4 Rc8 31. Bd2 Qc7 32. c4 Bc6 33. a5 Rcd8 34. Rb3
Ba4 35. Ra3 Bc6 36. Bb4 Nc8 37. h3 b6 38. axb6 Qxb6 39. Bd2 Qc5 40. Rea1 Nb6
41. Be3 Qb4 42. Bxb6 Qxb6 43. Rxa6 Qb7 44. R1a3 1-0

[Event "15. Obert Int. Sant Marti 2013"]
[Site "Barcelona ESP"]
[Date "2013.07.15"]
[Round "3.56"]
[White "Nadal Fajardo, Ricard"]
[Black "Zemlicka, Vit"]
[Result "1-0"]
[WhiteElo "1913"]
[BlackElo "2016"]
[PlyCount "61"]
[EventDate "2013.07.13"]
[EventType "swiss"]
[EventRounds "9"]
[EventCountry "ESP"]
[SourceTitle "Ajedrez en Madrid"]
[Source "lmi"]
[SourceDate "2013.07.13"]
[SourceVersion "1"]
[SourceVersionDate "2019.06.21"]
[SourceQuality "1"]

1. e4 e5 2. Nf3 Nc6 3. Bb5 a6 4. Bxc6 dxc6 5. O-O Bg4 6. d3 f6 7. Be3 Qd7 8.
Nbd2 O-O-O 9. Qe2 Bd6 10. Rfe1 Ne7 11. h3 Be6 12. Rad1 g5 13. Nh2 h5 14. Nc4
Ng6 15. d4 Nf4 16. Bxf4 gxf4 17. dxe5 fxe5 18. Rxd6 cxd6 19. Nb6+ Kc7 20. Nxd7
Rxd7 21. c4 Rg7 22. Kh1 Rhg8 23. f3 c5 24. Rd1 Rg6 25. b3 Bc8 26. Nf1 Be6 27.
Nd2 Rg3 28. Qf1 Bd7 29. Nb1 b5 30. Nc3 b4 31. Nd5+ 1-0

[Event "15. Obert Int. Sant Marti 2013"]
[Site "Barcelona ESP"]
[Date "2013.07.15"]
[Round "3.57"]
[White "Barragan Hernandez, Manel"]
[Black "Ofstad, Sigurd"]
[Result "1/2-1/2"]
[WhiteElo "1889"]
[BlackElo "2007"]
[PlyCount "65"]
[EventDate "2013.07.13"]
[EventType "swiss"]
[EventRounds "9"]
[EventCountry "ESP"]
[SourceTitle "Ajedrez en Madrid"]
[Source "lmi"]
[SourceDate "2013.07.13"]
[SourceVersion "1"]
[SourceVersionDate "2019.06.21"]
[SourceQuality "1"]

1. e4 d5 2. exd5 Qxd5 3. Nc3 Qa5 4. d4 Nf6 5. Nf3 c6 6. Be2 Bg4 7. O-O e6 8. h3
Bh5 9. Bf4 Be7 10. Ne5 Bxe2 11. Qxe2 O-O 12. Ne4 Nxe4 13. Qxe4 Qd5 14. Qxd5
cxd5 15. Rfe1 Nc6 16. c3 Nxe5 17. Bxe5 Rac8 18. a4 Rc6 19. Re3 Rfc8 20. Rg3 f6
21. Bf4 Kf7 22. Bd2 e5 23. Re1 e4 24. Rge3 f5 25. R3e2 g5 26. f3 Kg6 27. g4 Re6
28. gxf5+ Kxf5 29. fxe4+ dxe4 30. Rf1+ Kg6 31. Rfe1 Kf5 32. Rf1+ Kg6 33. Rfe1
1/2-1/2

[Event "15. Obert Int. Sant Marti 2013"]
[Site "Barcelona ESP"]
[Date "2013.07.15"]
[Round "3.58"]
[White "Grebstad, Kjell Borre"]
[Black "Quero Ortega, Juan"]
[Result "1-0"]
[WhiteElo "2005"]
[BlackElo "1809"]
[PlyCount "101"]
[EventDate "2013.07.13"]
[EventType "swiss"]
[EventRounds "9"]
[EventCountry "ESP"]
[SourceTitle "Ajedrez en Madrid"]
[Source "lmi"]
[SourceDate "2013.07.13"]
[SourceVersion "1"]
[SourceVersionDate "2019.06.21"]
[SourceQuality "1"]

1. d4 Nf6 2. c4 g6 3. Nc3 Bg7 4. e4 d6 5. g3 O-O 6. Bg2 Nc6 7. Nge2 e5 8. d5
Ne7 9. O-O Bd7 10. h3 Qc8 11. Kh2 h6 12. Be3 Kh7 13. c5 Nfg8 14. Rc1 Qd8 15. b4
f5 16. Qd2 fxe4 17. Bxe4 Bf5 18. Bg2 g5 19. g4 Bg6 20. cxd6 cxd6 21. Nb5 Bf7
22. Nxa7 Nf6 23. Nc3 Ng6 24. Ne4 Nf4 25. Nxf6+ Qxf6 26. Be4+ Kg8 27. Rc7 Bg6
28. f3 h5 29. gxh5 Bxe4 30. fxe4 Qh6 31. Qd1 Nxh5 32. Rxb7 Rxf1 33. Qxf1 Rf8
34. Qg2 Nf4 35. Qg4 Qg6 36. Qd7 Bh6 37. Bxf4 gxf4 38. Qe6+ Qxe6 39. dxe6 Re8
40. e7 Bg5 41. Nc6 Kf7 42. b5 Ra8 43. Ra7 Rxa7 44. Nxa7 Kxe7 45. b6 Kd7 46. a4
f3 47. Kg3 Be3 48. a5 f2 49. Kg2 Bd4 50. Nb5 Bc5 51. b7 1-0

[Event "15. Obert Int. Sant Marti 2013"]
[Site "Barcelona ESP"]
[Date "2013.07.16"]
[Round "4.1"]
[White "Firman, Nazar"]
[Black "Kovchan, Alexander"]
[Result "1/2-1/2"]
[WhiteElo "2526"]
[BlackElo "2577"]
[PlyCount "24"]
[EventDate "2013.07.13"]
[EventType "swiss"]
[EventRounds "9"]
[EventCountry "ESP"]
[SourceTitle "Ajedrez en Madrid"]
[Source "lmi"]
[SourceDate "2013.07.13"]
[SourceVersion "1"]
[SourceVersionDate "2019.06.21"]
[SourceQuality "1"]

1. e4 c5 2. Nf3 Nc6 3. d4 cxd4 4. Nxd4 g6 5. c4 Bg7 6. Be3 Nf6 7. Nc3 d6 8. Be2
O-O 9. O-O Bd7 10. Qd2 Nxd4 11. Bxd4 Bc6 12. f3 a5 1/2-1/2